00417cam a2200169ua 4500001000500000005001700005008003900022040000900061082001300070100002600083245004000109250000900149260003900158300001600197653001800213653001600231394020260515113746.0111209n ii |||gr||||Z||||||asm cMAIN a891.45111 aChoudhury, Amarjyoti,11aEtiya tejatcby Amarjyoti Choudhury a1st. aGuwahati:bPrajanma Prakashan,996. a41p:c23cm. aAssamese poem aEtiya tejat